000 00637nam a2200217 u 4500
005 20240228063623.0
008 160428s2004 ug r 000 0 eng d
020 _a9974775965
035 _aUPN01000209918
049 _aI
050 4 _aRJ101.7
_bT6.2
100 1 _aTorello, Diana
_937050
245 1 0 _aCuidemos nuestra salud /
_cDiana Torello.
260 _aMontevideo :
_bSudamer,
_c2004.
300 _a[12] p. :
_bil. col.
440 0 _aDescubrir
650 4 _aNiƱos
_xSalud e higiene
_vLiteratura infantil
_924945
650 4 _aEDUCACION PARA LA SALUD -
_vLITERATURA INFANTIL
_923450
905 _aInfantil
999 _c182019
_d182019